[Event "Hillerod NSU op"]
[Site "Hillerod"]
[Date "2007.01.05"]
[Round "1"]
[White "Andersen, Rune"]
[Black "Stockflet, Henrik"]
[Result "1-0"]
[WhiteElo "2082"]
[BlackElo "1914"]
[PlyCount "41"]
[EventDate "2007.01.05"]
[EventType "swiss"]
[EventRounds "5"]
[EventCountry "DEN"]
[SourceTitle "EXT 2018"]
[Source "ChessBase"]
[SourceDate "2017.10.13"]
[SourceVersion "1"]
[SourceVersionDate "2017.10.13"]
[SourceQuality "1"]

1. d4 f5 2. c4 Nf6 3. g3 g6 4. Bg2 Bg7 5. Nh3 d6 6. d5 0-0 7. Nc3 a5 8. Nf4 Na6 9. h4 Nc5 10. h5 g5 11. h6 Bh8 12. Nh5 Nfe4 13. Nxe4 fxe4 14. Ng7 e5 15. dxe6 Qf6 16. Be3 Bxe6 17. Qc2 a4 18. 0-0-0 Qf7 19. Bxc5 dxc5 20. Bxe4 Rfb8 21. Nxe6 1-0

[Event "Lovfalds EMT 20th B"]
[Site "Ringsted"]
[Date "2006.09.16"]
[Round "2"]
[White "Stockflet, Henrik"]
[Black "Haar, Bjarne"]
[Result "1-0"]
[WhiteElo "1891"]
[BlackElo "1986"]
[PlyCount "75"]
[EventDate "2006.09.15"]
[EventType "tourn"]
[EventRounds "5"]
[EventCountry "DEN"]
[SourceTitle "EXT 2023"]
[Source "ChessBase"]
[SourceDate "2022.10.05"]
[SourceVersion "1"]
[SourceVersionDate "2022.10.05"]
[SourceQuality "1"]

1. e4 e5 2. f4 Bc5 3. Nf3 d6 4. c3 Nf6 5. d4 exd4 6. cxd4 Bb6 7. Bb5+ c6 8. Bd3 0-0 9. 0-0 Re8 10. Nc3 c5 11. dxc5 dxc5 12. Bc4 Nxe4 13. Nxe4 Rxe4 14. Bxf7+ Kxf7 15. Ng5+ Kg8 16. Qxd8+ Bxd8 17. Nxe4 b6 18. f5 Ba6 19. Rf2 Nd7 20. Bf4 Bd3 21. Re1 b5 22. Rf3 c4 23. Nd6 Bf6 24. Nxb5 Bxf5 25. Bd2 Bg6 26. Bc3 Bg5 27. Nc7 Rc8 28. Ne6 Bh6 29. g4 Nc5 30. Nxc5 Rxc5 31. Bb4 Rc8 32. Ref1 Bf5 33. Rxf5 g6 34. Rd5 Re8 35. Rfd1 Re2 36. Re1 Rxb2 37. Rd8+ Kf7 38. Rd7+ 1-0

[Event "Taastrup Quick Weekend 1st A"]
[Site "Taastrup"]
[Date "2005.04.10"]
[Round "4"]
[White "Wiecker, Stefan"]
[Black "Stockflet, Henrik"]
[Result "1-0"]
[WhiteElo "2039"]
[BlackElo "1979"]
[PlyCount "49"]
[EventDate "2005.04.08"]
[EventType "tourn"]
[EventRounds "5"]
[EventCountry "DEN"]
[SourceTitle "EXT 2023"]
[Source "ChessBase"]
[SourceDate "2022.10.05"]
[SourceVersion "1"]
[SourceVersionDate "2022.10.05"]
[SourceQuality "1"]

1. e4 e5 2. Nf3 d6 3. d4 exd4 4. Nxd4 g6 5. Nc3 Bg7 6. Be3 Nf6 7. Qd2 0-0 8. 0-0-0 Re8 9. f3 Nc6 10. h4 Nxd4 11. Bxd4 Be6 12. h5 c5 13. Be3 Nxh5 14. Bb5 Bd7 15. Bxd7 Qxd7 16. g4 Ng3 17. Rh2 Qe6 18. Bf4 Bxc3 19. Qxc3 Nxe4 20. fxe4 Qxe4 21. Bh6 Re5 22. Rxd6 Rae8 23. b3 Qxg4 24. Qxe5 a6 25. Qg7# 1-0

[Event "Hillerod NSU op"]
[Site "Hillerod"]
[Date "2005.01.08"]
[Round "3"]
[White "Damm, Kasper Wilken"]
[Black "Stockflet, Henrik"]
[Result "1-0"]
[WhiteElo "2233"]
[BlackElo "1892"]
[PlyCount "135"]
[EventDate "2005.01.07"]
[EventType "swiss"]
[EventRounds "5"]
[EventCountry "DEN"]
[SourceTitle "EXT 2018"]
[Source "ChessBase"]
[SourceDate "2017.10.13"]
[SourceVersion "1"]
[SourceVersionDate "2017.10.13"]
[SourceQuality "1"]

1. e4 e5 2. c4 Nf6 3. d3 Bc5 4. Nc3 d6 5. g3 Nc6 6. Bg2 0-0 7. Nge2 Bg4 8. h3 Be6 9. 0-0 a5 10. Kh2 Nd7 11. g4 Qh4 12. Ng3 Nf6 13. f3 g6 14. Bd2 Nb4 15. Be1 Qg5 16. a3 Nc6 17. Nd5 Bxd5 18. exd5 Nd4 19. Bd2 Qh4 20. f4 h5 21. gxh5 gxh5 22. Bf3 exf4 23. Be1 Nxf3+ 24. Rxf3 Ng4+ 25. Kg2 Ne3+ 26. Rxe3 Bxe3 27. Ne4 Qe7 28. Qxh5 f5 29. Ng5 f3+ 30. Nxf3 Qg7+ 31. Kh1 Rf6 32. Bc3 Rh6 33. Qxf5 Qg3 34. Nh2 Rf8 35. Qg4+ Qxg4 36. Nxg4 Rxh3+ 37. Kg2 Rhf3 38. Rh1 R3f5 39. Rh8+ Kf7 40. Rxf8+ Kxf8 41. Nxe3 Rg5+ 42. Kf3 b6 43. d4 Kf7 44. c5 dxc5 45. dxc5 a4 46. cxb6 cxb6 47. Ke4 Rg8 48. Be5 Rc8 49. Kd4 Ke7 50. Nc4 b5 51. Nd6 Rc2 52. Nxb5 Rxb2 53. Bd6+ Kd7 54. Bb4 Rh2 55. Nc3 Rh4+ 56. Kc5 Rh5 57. Nxa4 Kc7 58. Nc3 Kb7 59. Kb5 Rg5 60. a4 Rh5 61. a5 Rh6 62. Ne4 Rh5 63. a6+ Ka8 64. Nc3 Rg5 65. Bc5 Kb8 66. Kc6 Rg6+ 67. d6 Rh6 68. Nd5 1-0

[Event "Hillerod NSU op"]
[Site "Hillerod"]
[Date "2005.01.08"]
[Round "2"]
[White "Stockflet, Henrik"]
[Black "Larsen, Thomas"]
[Result "1/2-1/2"]
[WhiteElo "1892"]
[BlackElo "1874"]
[PlyCount "52"]
[EventDate "2005.01.07"]
[EventType "swiss"]
[EventRounds "5"]
[EventCountry "DEN"]
[SourceTitle "EXT 2018"]
[Source "ChessBase"]
[SourceDate "2017.10.13"]
[SourceVersion "1"]
[SourceVersionDate "2017.10.13"]
[SourceQuality "1"]

1. e4 e6 2. d4 d5 3. Nc3 Bb4 4. e5 c5 5. a3 Bxc3+ 6. bxc3 Ne7 7. Bd3 0-0 8. Qg4 f5 9. exf6 Rxf6 10. Bg5 Rf7 11. Qh4 g6 12. Nf3 Nbc6 13. 0-0 Qa5 14. Rfe1 Bd7 15. Bxe7 Rxe7 16. Ne5 Rae8 17. Ng4 Rf8 18. Nf6+ Rxf6 19. Qxf6 Qxc3 20. Rab1 Rf7 21. Qh4 c4 22. Bxg6 hxg6 23. Qh6 Qxd4 24. Qxg6+ Rg7 25. Qh5 b6 26. Rxe6 Bxe6 1/2-1/2

[Event "Lovfalds EMT 17th Master 3"]
[Site "Ringsted"]
[Date "2003.09.20"]
[Round "2"]
[White "Stockflet, Henrik"]
[Black "Madsen, Morten"]
[Result "1-0"]
[WhiteElo "1827"]
[BlackElo "1849"]
[PlyCount "77"]
[EventDate "2003.09.19"]
[EventType "tourn"]
[EventRounds "5"]
[EventCountry "DEN"]
[SourceTitle "EXT 2023"]
[Source "ChessBase"]
[SourceDate "2022.10.05"]
[SourceVersion "1"]
[SourceVersionDate "2022.10.05"]
[SourceQuality "1"]

1. e4 e5 2. f4 d6 3. Nf3 Nc6 4. Bb5 Bg4 5. d3 Be7 6. fxe5 dxe5 7. Be3 Nf6 8. Nbd2 0-0 9. Bxc6 bxc6 10. Nc4 Nd7 11. 0-0 f5 12. exf5 Rxf5 13. h3 Bxf3 14. Rxf3 Qf8 15. Rxf5 Qxf5 16. Qe2 Qe6 17. Re1 Bh4 18. Bf2 Bxf2+ 19. Qxf2 a6 20. Qe3 Re8 21. Kh1 Qd5 22. a4 c5 23. Qe4 Qe6 24. Qb7 c6 25. Qxa6 Rf8 26. Qa5 Rf2 27. Qd8+ Rf8 28. Qh4 h6 29. Qe4 Rf5 30. Na5 Qf6 31. Kg1 Nb8 32. Qe3 Na6 33. c3 Nc7 34. Nc4 Nd5 35. Qxc5 Nf4 36. Ne3 Nxd3 37. Qc4+ Qf7 38. Qxd3 Rg5 39. Qc4 1-0

[Event "Frederikssund DSU 100 years B"]
[Site "Frederikssund"]
[Date "2003.02.07"]
[Round "1"]
[White "Borg, Flemming"]
[Black "Stockflet, Henrik"]
[Result "0-1"]
[WhiteElo "1861"]
[BlackElo "1873"]
[PlyCount "44"]
[EventDate "2003.02.07"]
[EventType "tourn"]
[EventRounds "5"]
[EventCountry "DEN"]
[SourceTitle "EXT 2023"]
[Source "ChessBase"]
[SourceDate "2022.10.05"]
[SourceVersion "1"]
[SourceVersionDate "2022.10.05"]
[SourceQuality "1"]

1. e4 e5 2. Be2 Nf6 3. d3 d5 4. Nd2 Nc6 5. c3 a5 6. Ngf3 Bc5 7. 0-0 0-0 8. a4 h6 9. exd5 Qxd5 10. Nc4 Be6 11. Be3 Rfd8 12. Qc2 Bf5 13. Rad1 Bh7 14. Ne1 Bf8 15. f4 Rd7 16. fxe5 Nxe5 17. Nxe5 Qxe5 18. Bd4 Bc5 19. Bxc5 Qxc5+ 20. Rf2 Re8 21. Rd2 Qe3 22. Qd1 Ne4 0-1

[Event "Lovfalds EMT 16th Master 3"]
[Site "Ringsted"]
[Date "2002.09.15"]
[Round "4"]
[White "Simonsen, Per"]
[Black "Stockflet, Henrik"]
[Result "0-1"]
[WhiteElo "1765"]
[BlackElo "1917"]
[PlyCount "90"]
[EventDate "2002.09.13"]
[EventType "tourn"]
[EventRounds "5"]
[EventCountry "DEN"]
[SourceTitle "EXT 2023"]
[Source "ChessBase"]
[SourceDate "2022.10.05"]
[SourceVersion "1"]
[SourceVersionDate "2022.10.05"]
[SourceQuality "1"]

1. d4 f5 2. c4 Nf6 3. Nc3 g6 4. g3 Bg7 5. Bg2 0-0 6. Nf3 d6 7. 0-0 c6 8. d5 Qa5 9. Nd2 e5 10. e4 cxd5 11. Nb3 Qd8 12. cxd5 Na6 13. Bg5 h6 14. Be3 b6 15. f3 g5 16. h3 f4 17. gxf4 gxf4 18. Bf2 Qe8 19. Kh2 Kh8 20. Rg1 Bd7 21. Qf1 Nc5 22. Nd2 a5 23. Nc4 Qb8 24. a4 Qc7 25. Ra3 Nh7 26. h4 Rab8 27. Bh3 Bxh3 28. Kxh3 Nxa4 29. Rxa4 b5 30. Rxa5 bxc4 31. Ra7 Qc8+ 32. Kh2 Bf6 33. Rg6 Rxb2 34. Rxh6 Bg7 35. Rxd6 Qc5 36. Nd1 Rxf2+ 37. Qxf2 Qxd6 38. Qg1 Rg8 39. Nc3 Bf6 40. Qf2 Bd8 41. Nb5 Qf6 42. Ra8 Nf8 43. Na7 Rg3 44. Kh1 Qxh4+ 45. Qh2 Rh3 0-1

[Event "Hillerod NSU op"]
[Site "Hillerod"]
[Date "2001.01.07"]
[Round "5"]
[White "Hoffmann, Nils"]
[Black "Stockflet, Henrik"]
[Result "1-0"]
[WhiteElo "1976"]
[BlackElo "1914"]
[PlyCount "72"]
[EventDate "2001.01.05"]
[EventType "swiss"]
[EventRounds "5"]
[EventCountry "DEN"]
[SourceTitle "EXT 2018"]
[Source "ChessBase"]
[SourceDate "2017.10.13"]
[SourceVersion "1"]
[SourceVersionDate "2017.10.13"]
[SourceQuality "1"]

1. Nf3 f5 2. e4 fxe4 3. Ng5 Nf6 4. d3 e3 5. Bxe3 e5 6. d4 e4 7. Nxe4 Bb4+ 8. Ned2 d5 9. c3 Bd6 10. Nf3 0-0 11. Bd3 Qe8 12. Qe2 Bg4 13. Nbd2 Ne4 14. 0-0-0 Nxd2 15. Qxd2 Rxf3 16. gxf3 Bxf3 17. Rhg1 Bxd1 18. Qxd1 Qf7 19. Qg4 Nd7 20. Bh6 Bf8 21. Qh3 Nf6 22. f3 Re8 23. Bg5 Qh5 24. Qg2 Be7 25. Bf4 Bf8 26. Bxc7 Re3 27. Be2 Qh6 28. Kb1 Nh5 29. Bd1 Nf4 30. Qg4 Ne6 31. Be5 Rd3 32. Bb3 Rd2 33. Bxd5 Kf7 34. Qf5+ Ke7 35. Bg3 g5 36. Be5 Ng7 1-0

[Event "Lovfalds 09th A"]
[Site "Ringsted"]
[Date "1995.09.09"]
[Round "2"]
[White "Stockflet, Henrik"]
[Black "Jacobsen, Erik Holm"]
[Result "1-0"]
[WhiteElo "1970"]
[BlackElo "2012"]
[PlyCount "137"]
[EventDate "1995.09.08"]
[EventType "tourn"]
[EventRounds "5"]
[EventCountry "DEN"]
[SourceTitle "EXT 2023"]
[Source "ChessBase"]
[SourceDate "2022.10.05"]
[SourceVersion "1"]
[SourceVersionDate "2022.10.05"]
[SourceQuality "1"]

1. e4 e5 2. f4 exf4 3. Nf3 g5 4. Bc4 d6 5. h4 g4 6. Ng5 Nh6 7. Nc3 Be7 8. Nd5 f6 9. Nh3 f3 10. Nhf4 c6 11. Ne3 fxg2 12. Nexg2 Qa5 13. 0-0 Na6 14. d4 Bd7 15. c3 Ng8 16. b4 Qc7 17. a4 0-0-0 18. Ne6 Bxe6 19. Bxe6+ Kb8 20. Bxg4 Ka8 21. Nf4 d5 22. Qe1 h5 23. Bh3 Nh6 24. Ne6 Rdg8+ 25. Kh1 Qg3 26. Qxg3 Rxg3 27. Kh2 Rxc3 28. exd5 Ng4+ 29. Bxg4 hxg4 30. Bf4 Rxh4+ 31. Kg2 Bxb4 32. d6 Rh7 33. Nc7+ Nxc7 34. dxc7 Rh8 35. Rh1 Rc8 36. Rh7 Ba5 37. Rah1 Bxc7 38. Rxc7 Rg8 39. a5 Rc2+ 40. Kg1 a6 41. Rhh7 Rb2 42. Rhg7 Re8 43. Rce7 Rh8 44. Bc7 f5 45. Bb6 Rb1+ 46. Kg2 Rb2+ 47. Kg3 Rb3+ 48. Kf4 Rf3+ 49. Ke5 Re3+ 50. Kxf5 Rxe7 51. Rxe7 Rg8 52. Re2 Kb8 53. Rg2 Rf8+ 54. Kxg4 Kc8 55. Rh2 Rf7 56. Rh8+ Kd7 57. Rh6 Ke7 58. Kg5 Ke8 59. Kg6 Ke7 60. Rh7 Rxh7 61. Kxh7 Kf7 62. Bc5 Ke6 63. Kg6 Kd5 64. Kf5 Kc4 65. Ke5 Kb5 66. Bb6 c5 67. dxc5 Kc6 68. Ke6 Kb5 69. Kd7 1-0